Trámite legislativo ordinario (Registro nro. 6791)

Detalles MARC
000 -LEADER
fixed length control field 01379cam a2200301 a 4500
003 - CONTROL NUMBER IDENTIFIER
control field OSt
005 - DATE AND TIME OF LATEST TRANSACTION
control field 20200812141604.0
008 - FIXED-LENGTH DATA ELEMENTS--GENERAL INFORMATION
fixed length control field 111124s2010 ck r 000 0 spa d
015 ## - NATIONAL BIBLIOGRAPHY NUMBER
National bibliography number SSS
020 ## - INTERNATIONAL STANDARD BOOK NUMBER
International Standard Book Number 9789589989104
040 ## - CATALOGING SOURCE
Original cataloging agency CO-BoPUJ
Transcribing agency CO-JMCR
041 0# - LANGUAGE CODE
Language code of text/sound track or separate title spa
082 04 - DEWEY DECIMAL CLASSIFICATION NUMBER
Classification number 345.11
Item number L248t
Edition number 23
100 1# - MAIN ENTRY--PERSONAL NAME
Personal name lancheros Gámez, Juan Carlos,
Relator term autor
9 (RLIN) 8663
245 10 - TITLE STATEMENT
Title Trámite legislativo ordinario
Statement of responsibility, etc. Juan Carlos Lancheros Gámez, María José Mantilla Calderón, Fabio Pulido Ortiz, [y otros 2].
260 ## - PUBLICATION, DISTRIBUTION, ETC.
Place of publication, distribution, etc. Bogotá :
Name of publisher, distributor, etc. Fundación Derecho Justo :
-- Fundación Konrad Adenauer,
Date of publication, distribution, etc. 2010.
300 ## - PHYSICAL DESCRIPTION
Extent xxx, 137 páginas ;
Dimensions 24 cm.
490 0# - SERIES STATEMENT
Series statement Serie hoja de ruta
504 ## - BIBLIOGRAPHY, ETC. NOTE
Bibliography, etc. note Incluye referencias bibliográficas.
505 0# - FORMATTED CONTENTS NOTE
Formatted contents note Panorama del trámite legislativo ordinario -- Trámite legislativo ordinario -- Contingencias en el trámite -- Principios y otros aspectos del trámite legislativo
520 0# - SUMMARY, ETC.
Summary, etc. Las obras que componen este volumen, Trámite legislativo ordinario y trámite legislativo especial, son partes de la serie Hoja de ruta publicada por la fundación Konrad Adenauer, KAS, en Colombia.
650 24 - SUBJECT ADDED ENTRY--TOPICAL TERM
Topical term or geographic name entry element Legislación judicial
9 (RLIN) 8664
650 24 - SUBJECT ADDED ENTRY--TOPICAL TERM
Topical term or geographic name entry element Administración de justicia
9 (RLIN) 2271
650 24 - SUBJECT ADDED ENTRY--TOPICAL TERM
Topical term or geographic name entry element Jueces
9 (RLIN) 8665
700 1# - ADDED ENTRY--PERSONAL NAME
Personal name Mantilla Calderón, María José,
Relator term autor
9 (RLIN) 8666
700 1# - ADDED ENTRY--PERSONAL NAME
Personal name Pulido Ortiz, Fabio,
Relator term autor
9 (RLIN) 8667
942 ## - ADDED ENTRY ELEMENTS (KOHA)
Source of classification or shelving scheme Dewey Decimal Classification
Koha item type Books
Existencias
Withdrawn status Lost status Source of classification or shelving scheme Damaged status Not for loan Home library Current library Shelving location Date acquired Source of acquisition Total Checkouts Full call number Barcode Date last seen Copy number Price effective from Koha item type
    Dewey Decimal Classification     Biblioteca Pública José María del Castillo y Rada Biblioteca Pública José María del Castillo y Rada General Stacks 04/15/2018 Donación   345.11 / L248t 201809964 05/16/2024 Ej.1 04/15/2018 Books